[Event "GER-ch Blitz Women 2020"]
[Site "Magdeburg"]
[Date "2020.08.15"]
[Round "11.8"]
[White "Zeller, Elisa"]
[Black "Scognamiglio, Stefanie"]
[Result "0-1"]
[WhiteElo "1969"]
[BlackElo "2097"]
[Annotator "TA"]
[PlyCount "58"]
[EventDate "2020.07.28"]
[EventType "tourn"]
[EventCountry "GER"]
[SourceTitle "playchess.com"]
[Source "ChessBase"]
[SourceQuality "1"]

{[%evp 23,57,17,10,0,26,13,5,17,25,0,0,-21,0,-10,-7,-7,0,-20,-16,-20,-10,0,-20,-26,-17,-36,-37,-393,-370,-371,-362,-658,-310,-29998,-29999,-29999]} 1. e4 c5 2. Nf3 Nc6 3. d4 cxd4 4. Nxd4 g6 5. Be3 Bg7 6. Nc3 Nf6 7. Be2 O-O 8. O-O d5 9. exd5 Nxd5 10. Nxd5 Qxd5 11. Bf3 Qa5 12. Nxc6 bxc6 13. c3 {B34: Sicilian: Accelerated Dragon with 5 Nc3: sidelines.} Ba6 14. Re1 Rfd8 15. Qc1 {The position is equal.} Qc7 {[#]} 16. Bf4 $146 ({Predecessor:} 16. Rd1 Rxd1+ 17. Qxd1 Rb8 18. Rb1 Qa5 19. Bxc6 Qxa2 20. Bd5 Bc4 21. Bxc4 Qxc4 22. Bxa7 {½-½ (33) Pinillo Canon,S (1661)-Toro Castaneda,E (1965) Dosquebradas 2018}) 16... e5 17. Bg3 Bc4 18. Qe3 {[%cal Rg3e5]} f6 19. b3 Bd5 20. c4 Bxf3 21. Qxf3 Rd7 22. Rad1 Rad8 23. Rxd7 Qxd7 24. h3 Qd2 25. Re2 $2 {[%mdl 8192] [#] Loses the game.} (25. Rf1 $15) 25... Qc1+ $19 26. Kh2 Rd1 {[%csl Gc1][%cal Rd1h1]} 27. Bh4 $2 (27. Bxe5 Rh1+ 28. Kg3 fxe5 29. Re3) 27... g5 (27... Rh1+ $142 28. Kg3 f5) 28. Qxc6 $2 {[#]} (28. Re4 $19) 28... Rh1+ 29. Kg3 Qf4# {Accuracy: White = 49%, Black = 86%.} 0-1

[Event "GER-ch Blitz Women 2020"]
[Site "Magdeburg"]
[Date "2020.08.15"]
[Round "11.9"]
[White "Sieber, Fiona"]
[Black "Skibbe, Diana"]
[Result "0-1"]
[WhiteElo "2201"]
[BlackElo "1991"]
[Annotator "TA"]
[PlyCount "98"]
[EventDate "2020.07.28"]
[EventType "tourn"]
[EventCountry "GER"]
[SourceTitle "playchess.com"]
[Source "ChessBase"]
[SourceQuality "1"]

{[%evp 19,98,21,21,0,0,-20,49,46,48,62,268,143,123,127,143,139,136,102,124,66,56,0,2,2,441,299,750,271,246,165,192,141,195,75,269,279,374,366,364,358,1206,1331,1331,1331,1234,816,802,683,797,556,588,598,686,611,619,626,625,551,563,554,814,197,204,203,272,274,516,500,455,385,314,-29990,-29991,-29991,-29992,-29993,-29994,-29997,-29995,-29995,-29996]} 1. e4 e5 2. Nf3 Nf6 3. Nxe5 d6 4. Nf3 Nxe4 5. Nc3 Nxc3 6. dxc3 Be7 7. Be3 Nc6 8. Qd2 O-O 9. O-O-O Be6 {9...Bf5 gains popularity.} 10. h4 Ne5 (10... Bxa2 $6 11. b3 $16) 11. Ng5 {C42: Petroff Defence: 3 Nxe5 and unusual White 3rd moves.} Bf5 12. f3 {[#]} a5 $146 (12... h6 $11) ({Predecessor:} 12... h6 13. Be2 hxg5 14. hxg5 Qd7 15. Rh2 Qe6 16. b3 f6 17. f4 c6 18. fxe5 fxe5 {Trofimov,V (2394)-Jasinski,M (2419) ICCF email 2016}) 13. Be2 {White is slightly better.} (13. g4 $5 {[%cal Rg4f5]} Bd7 14. Bf4 $11) 13... c6 14. g4 Be6 $2 (14... Bc8 $1 $14) 15. Nxe6 ({White must play} 15. f4 $1 $18) 15... fxe6 $16 16. f4 Nd7 17. h5 e5 {next ...exf4 is good for Black.} 18. h6 {Hoping for Bc4+.} g6 {Threatening ...exf4.} 19. Bc4+ (19. Kb1 $16) 19... d5 $14 20. Bxd5+ (20. f5 $1 $14 Nc5 21. Bd3) 20... cxd5 $11 21. Qxd5+ {[%mdl 64] Double Attack} Kh8 $2 {[%mdl 8192]} (21... Rf7 $11 {and Black stays safe.}) 22. Qxd7 exf4 $2 (22... Qxd7 23. Rxd7 exf4 24. Rxe7 (24. Rxb7 Rae8 $18) 24... fxe3) 23. Bd4+ $2 (23. Qxb7 Rb8 24. Qa7) 23... Kg8 $18 24. Qe6+ Rf7 25. Rhf1 ({White should try} 25. Be5 $18 Qc8 26. Rd7) 25... Qd6 (25... Qc7 $16 {was worth a try.} 26. Kb1 Rd8) 26. Qc4 (26. Qb3 $1 $18 {and the rest is easy.}) 26... b5 $2 (26... Qc6 $16 27. Qxc6 bxc6) 27. Qxb5 Rb8 28. Qc4 {aiming for Ba7!} Qd7 29. Be5 {[%mdl 64] Discovered Attack} ({Weaker is} 29. Rxf4 Bg5 $16) 29... Rc8 $2 {[#]} (29... Qb5 30. Rxf4 Qxb2+ 31. Kd2 Rbf8 32. Rxf7 Rxf7) 30. Qxf7+ $1 {[%mdl 512]} Kxf7 31. Rxd7 Ke6 32. Rdd1 Kxe5 {[%mdl 4096] Endgame KRR-KRB} 33. Rfe1+ Kf6 34. Rd7 Bc5 35. Rxh7 Be3+ 36. Kb1 Rd8 37. c4 f3 38. c3 f2 39. Rf1 Rd2 40. Rc7 $2 (40. Rh8 Bxh6 41. Rxh6) 40... Bxh6 41. c5 {Strongly threatening Rc6+.} Re2 {[#] And now ...Re1+ would win.} 42. Rd7 $1 ({Worse is} 42. Rc6+ Ke5 $11) 42... Bd2 $2 {[#]} (42... a4 43. a3 Bd2) 43. Kc2 $1 Be1+ 44. Kd1 Rxb2 45. Rxe1 $4 {[%mdl 8192]} (45. c6 $18 Rb5 46. Rd6+ Kg5 47. c4) 45... Rb1+ {[%mdl 64] Zwischenzug. Black mates.} 46. Kc2 fxe1=Q 47. Rd6+ Ke5 48. Rd8 Qc1+ 49. Kd3 Qd1+ {[%mdl 64] Double Attack. Accuracy: White = 41%, Black = 25%.} 0-1

[Event "GER-ch Blitz Women 2020"]
[Site "Magdeburg"]
[Date "2020.08.15"]
[Round "12.1"]
[White "Paehtz, Elisabeth"]
[Black "Skibbe, Diana"]
[Result "1-0"]
[WhiteElo "2473"]
[BlackElo "1991"]
[Annotator "TA"]
[PlyCount "61"]
[EventDate "2020.07.28"]
[EventType "tourn"]
[EventCountry "GER"]
[SourceTitle "playchess.com"]
[Source "ChessBase"]
[SourceQuality "1"]

{[%evp 19,61,33,35,17,181,180,278,141,194,189,183,183,173,175,212,153,145,147,212,189,227,228,200,169,177,135,152,151,292,299,376,372,388,346,381,380,395,375,1143,1140,1136,1126,29994,1093]} 1. d4 f5 2. Nf3 Nf6 3. g3 g6 4. Bg2 Bg7 5. O-O d6 6. b3 O-O 7. Bb2 e5 8. dxe5 Ng4 9. Nbd2 Nxe5 10. Nxe5 dxe5 11. Nc4 {[#] And now Qxd8 would win. A81: Dutch Defence: 2 g3.} Qe7 $146 {[#] Now Black is done in.} (11... e4 $11) ({Predecessor:} 11... e4 12. Bxg7 Kxg7 13. Qc1 Nc6 14. Rd1 Qf6 15. Qf4 Rf7 16. h4 Be6 17. Ne3 Qe5 18. Qxe5+ Nxe5 {½-½ (57) Daeschler,F (2322)-Demuth,A (2492) Europe Chess INT 2020}) 12. Qd5+ Kh8 (12... Qf7 {was necessary.} 13. Qxf7+ (13. Bxe5 Nc6 $16) (13. Nxe5 Qxd5 14. Bxd5+ Kh8 $18) 13... Kxf7 14. Bd5+ (14. Bxe5 Bxe5 15. Nxe5+ Kg7 $18) 14... Ke8) 13. Bxe5 ({White has to play} 13. Ba3 $18 Qf7 14. Bxf8 (14. Nxe5 Qxd5 15. Bxd5 Bxe5 $18) 14... Qxf8 15. Nxe5) 13... c6 (13... Nc6 $16) 14. Bxg7+ $18 Qxg7 15. Qd6 Nd7 16. Rad1 a5 17. Qc7 a4 18. Rd2 Nc5 (18... axb3 $16 {is a better defense.} 19. axb3 (19. cxb3 Nf6 $16) 19... Nf6) 19. Qd6 Ne4 20. Bxe4 $1 fxe4 21. Rfd1 {Nb6 is the strong threat.} Bh3 22. Qc5 axb3 23. axb3 b5 (23... Qc3 $16 {keeps fighting.} 24. Qe7 b5) 24. Nd6 {[%cal Bc4d6,Bd6e4,Be4d6][%mdl 32]} h6 25. Nxe4 Rae8 26. Nd6 Re6 27. Qxc6 Qf6 28. Qc5 Rxe2 $2 (28... Kg8 29. c4 b4) 29. Rxe2 {[#] Ne8 would kill now.} Qf3 30. Qd4+ Kh7 31. Qe4 {Accuracy: White = 70%, Black = 20%.} (31. Re7+ $142 Rf7 32. Rxf7+ Qxf7 33. Nxf7 Kg8 34. Qf6 h5 35. Rd8+ Kh7 36. Qh8#) 1-0

[Event "GER-ch Blitz Women 2020"]
[Site "Magdeburg"]
[Date "2020.08.15"]
[Round "12.2"]
[White "Scognamiglio, Stefanie"]
[Black "Sieber, Fiona"]
[Result "0-1"]
[WhiteElo "2097"]
[BlackElo "2201"]
[Annotator "TA"]
[PlyCount "87"]
[EventDate "2020.07.28"]
[EventType "tourn"]
[EventCountry "GER"]
[SourceTitle "playchess.com"]
[Source "ChessBase"]
[SourceQuality "1"]

{[%evp 18,87,17,17,23,23,56,53,78,78,75,80,64,53,53,57,51,39,120,45,52,-19,-20,-35,54,0,0,0,0,0,0,0,0,0,0,5,6,6,6,0,310,305,305,311,291,-152,-163,-175,0,-443,-442,-436,-435,-649,-212,-1527,-1266,-1067,-493,-698,0,0,488,487,487,483,396,-29995,0,-29995,-25,-541]} 1. e4 e5 2. Nf3 Nc6 3. Bc4 Nf6 4. d3 Be7 5. O-O O-O 6. c3 d6 7. h3 Na5 8. Bb5 a6 9. Ba4 b5 10. Bc2 c5 {C55: Two Knights: 4 d3, 4 d4 exd4 5 e5 and Max Lange Attack.} 11. d4 {is recently more successful than 11.Re1.} Nc6 12. d5 Nb8 {White is slightly better.} 13. a4 {[#]} Bb7 $146 ({Predecessor:} 13... Bd7 14. Re1 Qc7 15. Nbd2 Ra7 16. Nf1 h6 17. Ng3 Re8 18. Be3 Rb7 19. a5 Bf8 {½-½ (50) Schwarm,W (1925)-Heusinger,M (2000) Bayern 1999}) 14. Be3 Nbd7 15. b4 cxb4 16. cxb4 Nb6 17. axb5 axb5 (17... Nc4 $14) 18. Nc3 (18. Rxa8 $16 Bxa8 19. Nfd2) 18... Nc4 $14 19. Bg5 ({Don't blunder} 19. Nxb5 $2 Rxa1 20. Qxa1 Nxe3 $19) ({White should play} 19. Qe2 $14) 19... Rxa1 $11 20. Qxa1 Qb6 (20... Nxd5 $15 21. Bxe7 Nxe7) 21. Qc1 (21. Bd3 $14) 21... h6 22. Bxf6 Bxf6 23. Bd3 Rc8 24. Qb1 Bd8 25. Rc1 Rc7 26. Qa2 Ba6 27. Ra1 Bc8 $1 28. Qa8 Nb2 $2 {[%mdl 8192]} (28... Kh7 $11) 29. Nxb5 $18 Nxd3 30. Nxc7 Qxc7 31. b5 $2 (31. Qc6 $18) 31... Bb7 $1 $36 {[%cal Rb7a8][%mdl 2048] Black is in control.} 32. Qa3 Qc2 $2 ({Better is} 32... Nf4 $19 {Strongly threatening ...f5!} 33. Nd2 f5 $1 {[%mdl 512]}) 33. Rf1 $2 {[%mdl 8192]} (33. Qxd6 $11 Qxf2+ 34. Kh2) 33... Bb6 $19 (33... Nc5 $2 34. Qa7 $19) 34. Qxd6 Bxf2+ 35. Kh1 {[#]} (35. Kh2 $142 Qe2 36. Ra1) 35... Qe2 $1 36. Qb8+ $2 {[#]} (36. Ra1 Nf4 37. Qb8+ Kh7 38. Qxe5) 36... Kh7 $1 37. Ra1 Nf4 (37... Bg3 $142 38. Qa7 {[#]} Nf4 $1 {[%mdl 512]}) 38. Qxb7 (38. Qxe5 $142 Bg3 39. Nh4) 38... Be3 $2 ({Black should try} 38... Bg3 $19 {[%csl Gf4][%cal Re2g2]} 39. Rg1 Nd3) 39. Nh4 $11 Qf2 $2 {[%mdl 8192]} (39... Bd4 $11 40. Rc1 (40. Qxf7 Bxa1 41. Qf5+ Kg8 $11) 40... Be3) 40. Qxf7 $18 {Threatening mate with Qf5+.} Qxh4 41. Qf5+ Ng6 42. Ra6 $4 {[%mdl 8192]} (42. Rf1 $18) 42... Qg3 $2 (42... Qe1+ 43. Qf1 Qxf1+ 44. Kh2 Bg1+ 45. Kh1 Bf2+ 46. Kh2 Qg1#) 43. Rxg6 $2 {[%mdl 8192]} (43. Qf1 $11) 43... Qxg6 $2 (43... Qe1+ {mates} 44. Qf1 Qxf1+ 45. Kh2 Bg1+ 46. Kh1 Bf2+ 47. Kh2 Qg1#) 44. d6 $2 {[%mdl 8192] Accuracy: White = 45%, Black = 53%.} (44. Qxe5 $11 {and White stays safe.} Qf7 45. Qf5+ Qxf5 46. exf5) 0-1

[Event "GER-ch Blitz Women 2020"]
[Site "Magdeburg"]
[Date "2020.08.15"]
[Round "12.3"]
[White "Michna, Marta"]
[Black "Zeller, Elisa"]
[Result "0-1"]
[WhiteElo "2350"]
[BlackElo "1969"]
[Annotator "TA"]
[PlyCount "95"]
[EventDate "2020.07.28"]
[EventType "tourn"]
[EventCountry "GER"]
[SourceTitle "playchess.com"]
[Source "ChessBase"]
[SourceQuality "1"]

{[%evp 15,95,13,31,39,44,0,32,35,32,0,0,0,0,-6,-7,-7,-7,-5,5,0,-6,-9,0,-8,-12,-8,-4,-18,-13,0,-6,-29,14,0,114,-150,-158,-139,-147,-141,8,0,35,42,44,49,97,98,104,58,109,101,111,90,124,120,137,135,160,164,149,127,189,181,168,122,278,262,243,202,404,376,375,270,425,440,438,438,29998,29999,29999,29999]} 1. d4 d5 2. Bf4 Nf6 3. e3 e6 4. Nf3 c5 5. c3 Nc6 6. Nbd2 Be7 7. h3 O-O 8. Bd3 cxd4 9. exd4 {D02: 1 d4 d5 2 Nf3 sidelines, including 2...Nf6 3 g3 and 2...Nf6 3 Bf4.} Bd6 10. Ne5 Bxe5 (10... Qc7 {is more complex.} 11. Qe2 Ne8 12. Bg3 f6 13. Bxh7+ Kxh7 14. Qh5+ Kg8) 11. dxe5 {White is slightly better.} Nd7 {[#]} 12. O-O $146 ({Predecessor:} 12. Nf3 h6 13. Qe2 f6 14. Bg3 fxe5 15. Nxe5 Ndxe5 16. Bxe5 Nxe5 17. Qxe5 Qf6 18. Qe2 {1-0 (38) Pecori,A-Egan,B Sydney 1992}) 12... Ndxe5 13. Bxe5 Nxe5 14. Bxh7+ $1 {[%mdl 64] [#] Decoy} Kxh7 15. Qh5+ {[%mdl 64] Double Attack} Kg8 {Hoping for ...f6.} 16. Qxe5 f6 17. Qg3 e5 18. Rad1 Be6 19. Nf3 {[%cal Bd2f3,Bf3h4,Bh4g6][%mdl 32]} Qb6 20. Rd2 Rad8 21. Rfd1 Qa6 22. a3 Qa4 23. Nh4 Rf7 24. Ng6 Qe4 {[#]} (24... Bf5 $11 {remains equal.}) 25. f3 $2 {[%mdl 8192]} (25. f4 $1 $16 {is necessary to keep the advantage.}) 25... Qe3+ $17 26. Kh2 Qh6 27. f4 e4 (27... Bf5 $17 28. Nh4 exf4) 28. Nh4 {And now f5 would win.} Rfd7 (28... g5 $5 29. f5 $8 Bd7 $11) 29. f5 $36 {[%mdl 2048] White is pushing.} Bf7 {With the idea ...Bh5.} 30. Rd4 Bh5 31. Re1 Re8 32. Qe3 (32. c4 {feels hotter.} Qg5 33. cxd5 e3 34. d6 Kf8 35. Ng6+) 32... Qxe3 ({Black should try} 32... Qg5 $14 33. g3 Kf8) 33. Rxe3 $16 Bf7 34. g4 Rc7 35. Kg3 b6 36. Ng2 Rc4 37. Rxc4 dxc4 {[%mdl 4096] Endgame KRB-KRN} 38. Kf4 Bd5 (38... Rd8 $16) 39. Re1 Bc6 40. Ne3 b5 $2 (40... Rd8 $16 {is a better defense.}) 41. Rd1 $18 Kf7 42. h4 Re7 $2 (42... Ke7 43. a4 bxa4 44. Nxc4 Rh8) 43. Rd6 Bb7 44. Rd8 a6 (44... Re8 $142 45. Rxe8 Kxe8) 45. g5 fxg5+ 46. hxg5 {g6+ would kill now.} Bc6 (46... Re8 $18 47. Rd6 Bc8) 47. g6+ Kf6 48. Rd6+ {[%mdl 32768] Never resign too early! Accuracy: White = 77%, Black = 41%. . Loss on time!?} 0-1

[Event "GER-ch Blitz Women 2020"]
[Site "Magdeburg"]
[Date "2020.08.15"]
[Round "12.4"]
[White "Osmanodja, Filiz"]
[Black "Kosovska, Olena"]
[Result "1-0"]
[WhiteElo "2293"]
[BlackElo "1881"]
[Annotator "TA"]
[PlyCount "53"]
[EventDate "2020.07.28"]
[EventType "tourn"]
[EventCountry "GER"]
[SourceTitle "playchess.com"]
[Source "ChessBase"]
[SourceQuality "1"]

{[%evp 17,53,28,37,32,41,-14,-12,-2,59,20,56,42,21,11,11,4,44,-8,71,73,436,370,542,560,572,536,819,790,764,667,635,597,1399,1315,29989,29990,29990,29991]} 1. e4 e5 2. Nf3 Nc6 3. Bb5 a6 4. Ba4 Nf6 5. O-O b5 6. Bb3 Be7 7. Re1 O-O 8. h3 Bb7 {8...Bb7 is better than 8...d6.} 9. d3 h6 10. a4 {[#] C88: Closed Ruy Lopez: Anti-Marshall Systems.} Na5 $146 ({Predecessor:} 10... Re8 11. Nbd2 Bf8 12. Nf1 d5 13. exd5 Nxd5 14. Ng3 Bc5 15. Ne4 Bb6 16. axb5 axb5 17. Rxa8 Bxa8 18. c3 b4 19. Bxh6 bxc3 20. bxc3 Nxc3 21. Nxc3 gxh6 {1-0 (86) Khalafova,N (2279)-Koelle,T (2275) chess.com INT 2020}) 11. Nxe5 (11. Nbd2 $14) 11... Nxb3 $11 12. cxb3 {The position is equal.} b4 (12... d5 $11) 13. Nd2 a5 14. Ndc4 d6 15. Ng4 d5 16. exd5 Bxd5 17. Nce3 (17. Nge5 $14) 17... Bb7 (17... Nxg4 $11 18. Nxg4 (18. Qxg4 Be6 $11) (18. Nxd5 Qxd5 19. Qxg4 Bf6 $11) 18... f5) 18. Nf5 $16 Kh7 $2 {[%mdl 8192] Now Black is done in.} (18... Bd6 $16) 19. Nxe7 {[#] Hoping for Nxf6+.} Nxg4 (19... Ra6 $142 20. Nf5 Qd5) 20. Qxg4 $18 Qxd3 21. Nf5 {[%csl Gf5][%cal Rg4g7]} g6 22. Nxh6 {Threatens to win with Qh4.} Rae8 23. Rxe8 Rxe8 24. Bg5 {Qh4 is the strong threat.} Qd5 25. Rd1 {[%cal Ba1d1,Bd1d7,Bd7f7][%mdl 32]} Qxb3 {[#]} 26. Rd7 $1 Bc6 27. Rxf7+ {Accuracy: White = 74%, Black = 35%.} 1-0

[Event "GER-ch Blitz Women 2020"]
[Site "Magdeburg"]
[Date "2020.08.15"]
[Round "12.5"]
[White "Braun, Kristin"]
[Black "Muetsch, Annmarie"]
[Result "0-1"]
[WhiteElo "1918"]
[BlackElo "2219"]
[Annotator "TA"]
[PlyCount "82"]
[EventDate "2020.07.28"]
[EventType "tourn"]
[EventCountry "GER"]
[SourceTitle "playchess.com"]
[Source "ChessBase"]
[SourceQuality "1"]

{[%evp 16,82,37,39,42,0,0,0,0,0,0,0,0,0,0,0,238,241,236,233,403,172,374,378,372,362,450,423,434,403,401,376,464,456,452,362,343,254,246,243,240,93,212,108,399,396,506,72,72,-177,-177,-177,-66,-247,-240,-225,-85,-495,-488,-458,-440,-360,-335,-342,-296,-29976,-29978,-29995,-29996]} 1. e4 c5 2. Nf3 Nc6 3. d4 cxd4 4. Nxd4 e5 5. Nb5 d6 6. N1c3 a6 7. Na3 b5 8. Nd5 Nge7 9. c4 Nxd5 $1 {[%mdl 4] is currently scoring better than 9...Nd4. B32: Sicilian: Löwenthal and Kalashnikov Variations.} 10. Qxd5 {[%mdl 64] Double Attack} Bd7 $1 {...Nd4 is the strong threat.} 11. cxb5 Nd4 $1 {aiming for ...Rb8.The position is equal.} 12. Be3 Be6 13. Qb7 Rb8 14. Qxa6 {Threatens to win with Bxd4.} Ra8 15. Qb7 Rxa3 $2 (15... Rb8 $11 {and Black stays safe.} 16. Qa6 Ra8) 16. bxa3 $18 ({Inferior is} 16. Bxd4 Qa5+ 17. Ke2 exd4 $11) 16... Nc2+ {[#]} 17. Kd2 $146 ({Predecessor:} 17. Kd1 Nxa1 18. Qc6+ Bd7 19. Qc3 Qa8 20. Bd3 Be7 21. Ke2 f5 22. f3 fxe4 23. fxe4 {1-0 (49) Sermier,A (2110)-Mercier,J (2225) Montpellier 1991}) 17... Nxa1 $2 (17... Nxe3 {is a better defense.} 18. Kxe3 g6) 18. Bb6 (18. b6 $142 {Strongly threatening Bb5+.} Be7 19. Bb5+ {[%mdl 64] Discovered Attack} Kf8 20. Rxa1) 18... Qc8 $2 (18... Qd7 {keeps fighting.} 19. Qa8+ Ke7) 19. Qxc8+ Bxc8 20. Bd3 Bb7 {Black hopes to continue with ...d5.} 21. Rxa1 f5 22. f3 {Hoping for Rc1.} d5 23. exd5 g6 24. Bc4 Bxa3 25. Rb1 Kd7 26. Rb3 Ra8 27. Re3 Kd6 28. g3 (28. Kc3 $18) 28... g5 (28... Rc8 $16) 29. f4 (29. Kc2 $18) 29... gxf4 $2 {[%mdl 8192]} (29... e4 $16 {was worth a try.}) 30. gxf4 e4 31. Bd4 $2 (31. Rh3 $1 $18) 31... Bxd5 $16 32. Bxd5 $2 (32. Be5+ $16 {keeps the pressure on.} Kc5 33. Bxd5 Kxd5 34. Rb3) 32... Kxd5 {[%mdl 4096] Endgame KRB-KRB} 33. Be5 Bb4+ (33... Bc5 $19 34. Rb3 Rxa2+ 35. Rb2 Rxb2+ 36. Bxb2 Bd6) 34. Kc2 $2 (34. Kd1 $15 Bc5 35. Rb3) 34... Rxa2+ $19 35. Bb2 {[#]} Kc5 {[#]} (35... Bd2 $1 $19 {[%mdl 512] is more deadly.} 36. Rb3 (36. Kxd2 Rxb2+) 36... Bxf4) 36. Rb3 $2 {[%mdl 8192]} (36. b6 $1 $17 {[%mdl 512]} Kxb6 37. Kb3) 36... Kxb5 37. Kb1 Ra4 38. Bc1 Kc4 39. Kb2 Ra8 40. Be3 $2 (40. Rh3 $19) 40... Rg8 41. Ka1 Kxb3 {Accuracy: White = 38%, Black = 50%.} 0-1

[Event "GER-ch Blitz Women 2020"]
[Site "Magdeburg"]
[Date "2020.08.15"]
[Round "12.6"]
[White "Mader, Lena"]
[Black "Birkholz, Olga"]
[Result "1-0"]
[WhiteElo "1839"]
[BlackElo "2001"]
[Annotator "TA"]
[PlyCount "139"]
[EventDate "2020.07.28"]
[EventType "tourn"]
[EventCountry "GER"]
[SourceTitle "playchess.com"]
[Source "ChessBase"]
[SourceQuality "1"]

{[%evp 14,139,7,0,34,32,32,25,41,47,59,35,64,66,149,134,385,258,300,300,267,217,279,177,203,114,118,129,123,120,114,-332,43,-176,-137,-191,26,-84,177,-16,-28,-159,-154,-155,-159,-240,-234,-274,-291,-547,-522,-529,-487,-508,-518,-668,0,-457,-424,-431,0,-442,-419,-451,-5,-525,-517,-942,-935,-933,-918,-706,413,387,777,768,1034,998,1124,681,1014,1167,4248,3377,1962,1581,2618,2776,2319,1175,1792,1651,4156,2541,29978,8,29981,29980,29986,29987,29989,29982,29982,29976,29981,29981,29982,29983,29985,29986,29986,29986,29986,29987,29988,29989,29988,29990,29990,29990,29990,29991,29996,29995,29995,29995,29996,29996]} 1. c4 Nf6 2. Nc3 g6 3. g3 Bg7 4. Bg2 e5 5. d3 O-O 6. Nf3 d6 7. O-O Nc6 8. Rb1 Ng4 {A26: English Opening vs King's Indian with ...Nc6 and d3.} 9. h3 Nh6 10. b4 {[#]} a6 $146 {White has an edge.} ({Predecessor:} 10... f5 11. Bg5 Qd7 12. Nd5 Nf7 13. Bf6 Ncd8 14. e4 c6 15. Ne7+ Kh8 16. Bxg7+ Kxg7 17. Nxc8 Rxc8 18. exf5 Qxf5 {1-0 (72) Chigladze,I (2326)-Unlu,A (1887) Cesme 2017}) 11. a4 f5 12. e3 e4 13. Nd4 $1 Ne5 (13... Nxd4 $14 14. exd4 Be6) 14. dxe4 $16 Nxc4 $2 {[%mdl 8192]} (14... fxe4 $16 {was called for.} 15. Nxe4 Nxc4) 15. exf5 Ne5 16. fxg6 hxg6 17. Kh2 c5 18. Bd5+ Kh7 19. Ne6 ({White should try} 19. Nde2 $18) 19... Bxe6 20. Bxe6 Nf3+ {[%mdl 64] Discovered Attack} 21. Kg2 $1 Bxc3 22. e4 $2 {[%mdl 8192]} (22. bxc5 $16 {stays on course.} Rb8 23. Bd5) 22... Be5 $2 ({Less strong is} 22... Bxb4 23. Bd5 $19) (22... cxb4 $19 {Hoping for ...Rf6.} 23. Bd5 Rb8) 23. Qb3 $2 (23. bxc5 $1 $14 Rb8 24. cxd6) 23... Qf6 24. Bd5 {[#]} (24. bxc5 $17 {was worth a try.} dxc5 25. Bxh6 Kxh6 26. Qe3+ Ng5 27. h4 {[%mdl 64] Pin} Qf3+ 28. Qxf3 Nxf3 29. Rxb7) 24... Nd4 $2 (24... c4 $1 $19 {[%cal Rc4b3]} 25. Bxc4 (25. Qxc4 Ne1+) 25... Rac8) 25. Qd3 {[#]} (25. Qe3 $11 Ng8 26. bxc5) 25... Rab8 $2 {[%mdl 8192]} (25... c4 $1 $17 {[%cal Rc4d3] and life is bright.} 26. Bxc4 (26. Qxc4 Qf3+) 26... g5) 26. bxc5 $2 (26. f4 $18) 26... dxc5 $11 27. Bxh6 (27. f4 $11 Bc7 28. Rxb7 Rxb7 29. Bxb7) 27... Kxh6 $17 28. Qe3+ Kg7 {White must now prevent ...Nf3.} 29. a5 (29. f4 $17 {keeps fighting.} Bc7 30. Bxb7) 29... Nb5 $19 30. Rbc1 Bd4 31. Qf4 $2 (31. Qd3) 31... Qxf4 32. gxf4 Rxf4 33. f3 Nc3 34. Rc2 Nb5 $2 ({Better is} 34... Nxd5 $19 35. exd5 Rd8) 35. Kg3 $2 {[%mdl 8192]} (35. Rcc1 $1 $11 {and White has nothing to worry.} Nc3 36. Bc4) 35... Be5 {...Nd4 is the strong threat.} 36. Kg2 Bd4 $2 ({Black should play} 36... Nc3 $19 37. Be6 Rd8) 37. Kg3 $2 {[%mdl 8192]} (37. Rcc1 $11 Kf6 38. Rb1) 37... Rf6 38. f4 {[#]} Be3 $2 (38... g5 $1 $19 39. Rg2 (39. fxg5 Rxf1) 39... Be5 $1 {[%mdl 512]}) 39. Kg4 $2 {[%mdl 8192]} (39. Re2 $1 $11) 39... Rbf8 40. e5 (40. h4 $142) 40... Rxf4+ 41. Rxf4 Rxf4+ 42. Kg3 Bd4 $4 {[%mdl 8192]} (42... Nd4 $19 43. Rb2 {[#]} c4 $1 {[%mdl 512]} 44. Bxc4 Nf5+ {[%mdl 64] Discovered Attack} 45. Kg2 Rxc4 46. Rxb7+ Kh6) 43. Kxf4 $18 {[%mdl 4096] Endgame KRB-KBN} Nc3 $2 (43... Bc3 44. Bxb7 Bxa5 45. Rxc5 Bd2+ 46. Kg4 Be3) 44. Bxb7 g5+ 45. Kf5 Nb5 46. Re2 Nc7 47. e6 Bf6 48. e7 Ne8 49. Re6 Kf7 50. Rxf6+ Nxf6 51. Kxg5 Kxe7 52. Bxa6 {KB-KN} Nd5 53. Bc4 Nb4 54. a6 $2 (54. h4 {mates} Kd7 55. h5 Nc6 56. a6 Kc7 57. h6 Na5 58. Bd5 Kb6 59. h7 Kxa6 60. h8=Q) 54... Nc6 $2 {[%mdl 8192]} (54... Nxa6 $11 55. h4 (55. Bxa6 Kf7 $11) 55... Nc7) 55. h4 {White mates.} Na7 56. h5 Kf8 57. Kf5 Kg7 58. Be2 Kh6 59. Ke6 c4 60. Bxc4 Kxh5 61. Kd7 Kg6 62. Bd3+ Kf6 63. Kc7 Ke7 64. Kb7 Kd6 65. Kxa7 Kc7 66. Be4 Kc8 67. Kb6 Kb8 68. a7+ Kc8 69. a8=Q+ Kd7 70. Qc6+ {Accuracy: White = 34%, Black = 30%.} 1-0